00464 2200193 4500001002100000005001500021035002000036245003900056100002000095250000600115856004500121260003600166082000800202084001400210600001000224990001200234990001200246990001200258INLIS00000000000178720250506091237 a0010-05250000791 aHadi dan Zulama /cNajib Kartipati0 aNajib Kartipati a1 aRuang Baca Umum No Klas 800 ( Rak 3,4,5) aJakarta :bBalai Pustaka,c2000 a813 a813 NAJ h 4aFiksi a00.0124 a00.0125 a00.0126